Statistics for Every European Country Shape

Click here to take the quiz!

General Stats

  • This quiz has been taken 47,741 times
  • The average score is 26 of 45

Answer Stats

Answer% Correct
United Kingdom
97%
France
96%
Germany
92%
Spain
91%
Norway
91%
Iceland
90%
Italy
89%
Greece
88%
Croatia
81%
Russia
81%
Sweden
79%
Denmark
78%
Austria
76%
Portugal
73%
Ireland
69%
Netherlands
67%
Finland
64%
Poland
64%
Serbia
59%
Albania
58%
Ukraine
57%
Malta
55%
Slovakia
54%
Switzerland
52%
Monaco
52%
Bulgaria
51%
Bosnia and Herzegovina
50%
Estonia
49%
Vatican City
48%
Kosovo
46%
Romania
45%
Belarus
45%
Czech Republic
45%
Moldova
42%
Belgium
40%
Latvia
39%
Hungary
39%
North Macedonia
38%
Lithuania
33%
Montenegro
32%
Luxembourg
32%
Slovenia
31%
Liechtenstein
31%
Andorra
27%
San Marino
24%

Score Distribution

Percentile by Number Answered

Percent of People with Each Score

Your Score History

You have not taken this quiz